00693nam a2200229 a 4500006001800000007000300018008004100021020001800062040001200080041000800092044000800100082002500108110003700133245008400170260006500254300003400319440002700353504002000380650003000400650002600430852000700456a||||gr|||| 001 0ta050831s2010 xxka gr 001 0 eng d a9780955825767 aKObeng0 aeng axxk00a343.0965bN811872232 aNorth of England P&I Association14aThe Mariner's Role in Collecting Evidence Handbook:ba guide to good practice / aThe Quayside :bNorth of England P&I Association Ltd.,c2010 a656 p. :bcol. ill. ;c21 cm. aLoss Prevention Guides aIncludes index. 0aShipsxSafety regulations 0aEvidence, Documentary aKO